000 01034cam a22003137a 4500
003 CHAP
005 20220329133503.0
008 971013s1992 r 00010 d
010 _a6944
011 _a7916
035 _a7141
040 _cCHAP
090 _aFolleto 14021
100 0 0 _aItó, Junichi.
_960689
245 1 4 _aThe determinants of rates of return to scale expansion investment in japanese livestock production
_b: a stochostic frontier cost function approach
260 _aTokyo :
_bNational Research Institute,
_c1992
300 _a20 p
490 0 _aResearch paper
_v; 11
590 _aBATCH-UPD
_b10
_c20130110
_lUCH01
_h1225
590 _aBATCH-UPD
_b10
_c20130410
_lUCH01
_h0758
590 _aBATCH-UPD
_b10
_c20130914
_lUCH01
_h1455
590 _aCONVERSION
_b10
_c20130109
_lUCH01
_h1305
650 1 4 _aGanadería
_xJapón.
_944812
650 1 4 _aGanado
_xProducción.
_944945
830 0 _aResearch paper
_v; 11
_996073
901 _aBK
942 _cFOLL
949 _aFolleto 14021
_bBC
_cFOLL
_d-16955
_eTS1
_i7141
_mD
_si
999 _c6944
_d6944